| 000 | 00476nam a2200169 i 4500 | ||
|---|---|---|---|
| 001 | 95093 | ||
| 003 | ES-MaACL | ||
| 005 | 20230906181631.0 | ||
| 007 | t| | ||
| 008 | 050523s1931 sp ||||1| spa d | ||
| 100 | 1 |
_aLumpuy, Luis. _974746 |
|
| 245 | 1 | 0 |
_aMi cautiverio en Jaca / _cLuis Lumpuy; prólogo de Graco Marsá. |
| 260 |
_aMadrid : _b[s.n.], _c1931 ( _fZoila Ascasibar) |
||
| 300 |
_a96 p. ; _c19 cm. |
||
| 700 | 1 |
_aMarsá, Graco. _977098 |
|
| 852 |
_aES-MaACL _jF-13829 |
||
| 999 |
_c95093 _d95093 |
||